000 01005cab a2200265 4500
001 ABS60238
008 090401t1999 xxu||||| |||| 00| 0 eng d
035 _a(Sirsi) u91318
041 _aeng
100 _aBrown, P.
245 _aValuation for rating: when is tone established?
260 _c1999
350 _a0
490 _aIRRV Insight
_v(6) January/February 1999, 26-28(3)
520 _aDiscusses questions raised by the case "Jafton Properties Ltd v Prisk (VO)". Looks at the meaning of the term `tone of the list`, the relevant date for ascertaining whether that tone has been established, and whether the tone for offices was comparable to the appeal hereditament established at the relevant date.
650 _aJAFTON PROPERTIES LTD V PRISK (VO)
650 _aRATING APPEALS
650 _aRATING ASSESSMENTS
650 _aTONE OF THE LIST
650 _aVALUATION TRIBUNALS
650 _aValuation
_96273
690 _aRATING AND VALUATION
942 _n0
948 _c12/02/1999
999 _c57955
_d57955